000 005190000a22001810004500
003 MACL
005 20160312134902.0
008 160312b xxu||||| |||| 00| 0 eng d
040 _aMACL
_cMACL
041 _aHindi
082 _a891.433
100 _aगुप्‍त योगेश
_945367
245 _aअनदीखी झील
260 _bसन्‍मार्ग प्रकाशन
_c1982
_aनई दिल्‍ली
350 _a25
650 _aNovel
_945368
942 _cHIN
_k891.433
_2ddc
999 _c28381
_d28381